| 000 | 00334nam a2200133Ia 4500 | ||
|---|---|---|---|
| 008 | 231129s1980||||xx |||||||||||||| ||spa|| | ||
| 040 | _bspa | ||
| 082 | _a986.1328 V152s | ||
| 100 | _aValencia Ramirez Enrique | ||
| 245 | 0 | _aSanta Rosa de Cabal y sus fundadores | |
| 260 | _c1980 | ||
| 264 | _aGraficas Trujillo | ||
| 942 |
_2ddc _cBKS |
||
| 999 |
_c24326 _d24326 |
||